ARRUPE JESUIT UNIVERSITY

CORONAVIRUS -STOP THE SPREAD - CLEAN,DISINFECT,COVER

Conflict resolution in Uganda / (Record no. 120779)

MARC details
000 -LEADER
fixed length control field 01398pam a2200337 a 4500
001 - CONTROL NUMBER
control field 1981557
003 - CONTROL NUMBER IDENTIFIER
control field ARRUPE
005 - DATE AND TIME OF LATEST TRANSACTION
control field 20140902020007.0
008 - FIXED-LENGTH DATA ELEMENTS--GENERAL INFORMATION
fixed length control field 890202s1989 no b 101 0 eng
010 ## - LIBRARY OF CONGRESS CONTROL NUMBER
LC control number 89030799
020 ## - INTERNATIONAL STANDARD BOOK NUMBER
International Standard Book Number 0821409298 (Ohio Univ. Press)
020 ## - INTERNATIONAL STANDARD BOOK NUMBER
International Standard Book Number 0821409301 (Ohio Univ. Press : pbk.)
040 ## - CATALOGING SOURCE
Original cataloging agency DLC
Transcribing agency DLC
Modifying agency DLC
043 ## - GEOGRAPHIC AREA CODE
Geographic area code f-ug---
050 00 - LIBRARY OF CONGRESS CALL NUMBER
Classification number JQ2951.A2
Item number U33 1989
300 ## - PHYSICAL DESCRIPTION
Dimensions 23 cm.
245 00 - TITLE STATEMENT
Title Conflict resolution in Uganda /
Statement of responsibility, etc edited by Kumar Rupesinghe.
260 ## - PUBLICATION, DISTRIBUTION, ETC. (IMPRINT)
Place of publication, distribution, etc Oslo :
Name of publisher, distributor, etc International Peace Research Institute ;
Place of publication, distribution, etc Athens :
Name of publisher, distributor, etc Ohio University Press,
Date of publication, distribution, etc 1989.
300 ## - PHYSICAL DESCRIPTION
Extent viii, 308 p. ;
440 #0 - SERIES STATEMENT/ADDED ENTRY--TITLE
Title Peace research monographs ;
Number of part/section of a work no. 16
9 (RLIN) 11049
651 #0 - SUBJECT ADDED ENTRY--GEOGRAPHIC NAME
Geographic name Uganda
General subdivision Politics and government
-- Congresses.
9 (RLIN) 11050
651 #0 - SUBJECT ADDED ENTRY--GEOGRAPHIC NAME
Geographic name Uganda
General subdivision Economic policy
-- Congresses.
9 (RLIN) 11051
651 #0 - SUBJECT ADDED ENTRY--GEOGRAPHIC NAME
Geographic name Uganda
General subdivision Foreign relations
-- Congresses.
9 (RLIN) 11052
700 1# - ADDED ENTRY--PERSONAL NAME
Personal name Rupesinghe, Kumar.
9 (RLIN) 11053
710 2# - ADDED ENTRY--CORPORATE NAME
Corporate name or jurisdiction name as entry element International Alert (Organization)
9 (RLIN) 11054
710 2# - ADDED ENTRY--CORPORATE NAME
Corporate name or jurisdiction name as entry element Makerere Institute of Social Research.
9 (RLIN) 11055
710 2# - ADDED ENTRY--CORPORATE NAME
Corporate name or jurisdiction name as entry element International Peace Research Institute.
9 (RLIN) 11056
711 2# - ADDED ENTRY--MEETING NAME
Meeting name or jurisdiction name as entry element International Conference on Internal Conflict in Uganda
Date of meeting (1987 :
Location of meeting Makerere University)
9 (RLIN) 11057
906 ## - LOCAL DATA ELEMENT F, LDF (RLIN)
a 7
b cbc
c orignew
d 1
e ocip
f 19
g y-gencatlg
942 ## - ADDED ENTRY ELEMENTS (KOHA)
Source of classification or shelving scheme Library of Congress Classification
Koha item type Monograph ( Printed materials)
Koha issues (borrowed), all copies 1
Holdings
Withdrawn status Lost status Source of classification or shelving scheme Damaged status Not for loan Home library Current library Date acquired Total Checkouts Full call number Barcode Date last seen Date checked out Price effective from Koha item type
    Library of Congress Classification     ARRUPE LIBRARY ARRUPE LIBRARY 28/08/2014 8 JQ2951.A2 U33 1989 46500002157 17/02/2016 01/02/2016 28/08/2014 Monograph ( Printed materials)

 

Arrupe Library. PO Box MP320 Mt Pleasant, Harare, Zimbabwe
263 242 745411|librarian@aju.ac.zw